| 000 | 00711nac a22002051u 4500 | ||
|---|---|---|---|
| 008 | 080825s1979 ua||||||r||| 000 0 ra d | ||
| 020 | _a9777322143 | ||
| 082 |
_a100 _bه و ي _222 |
||
| 245 |
_a مقدمة فى الفلسفة العامة/ _cيحيى هويدي |
||
| 250 |
_aط9 ، _bمزيدة ومنقحة |
||
| 260 |
_aالقاهرة: _bدار الثقافة للطباعة والنشر،1979 _c1979. |
||
| 300 |
_a367 ؛ص _c24 سم. |
||
| 511 | _aCatalogued by: Sara | ||
| 541 | _aالف باء؛ | ||
| 650 |
_aالفلسفة _916209 |
||
| 650 |
_aالأخلاق، علم _915106 |
||
| 650 |
_aالشك _916637 |
||
| 650 |
_aالمثالية _916638 |
||
| 942 |
_cBB _k100 ه و ي _2ddc |
||
| 999 |
_c6028 _d6028 |
||